000 00539nam a2200193Ia 4500
005 20250508163654.0
008 008 250505s9999 xx 000 0 eng d
020 _a81-7169-451-9
037 _aTextual
040 _aFEDL
_beng
_cFEDL
041 _aeng
_2eng
084 _a370.7, SHA
_qFEDL
100 _aSharma B M
245 0 _aTeachers training and educational research
260 _aNew Delhi, India
_bCommonewalth Publishers
_c1997
300 _a270p.
942 _cTEXL
_h370.7, SHA
999 _c1384629
_d1384629